000 01005cam a22003375a 4500
001 4282
003 FISKH
005 20240712075917.0
008 090504s2007 nyua j 000 0 eng d
010 _a 2009278079
020 _a0545007135 (pbk.)
020 _a9780545007139 (pbk.)
035 _a(OCoLC)ocn244795135
040 _aSFC
_cSFC
_dDLC
_beng
050 _aQL756.G45
082 _a577.1
100 1 _aGhiglieri, Carol.
245 1 0 _aTree homes /
_cCarol Ghiglieri.
260 _aNew York :
_bScholastic,
_c2007.
300 _a16 pages :
_bcolor illustrations ;
_c23 cm
490 0 _aScience vocabulary readers
505 _aJ
520 _aSimple text and photographs detail the animals who make their homes in trees.
521 8 _a500
_bLexile
521 8 _aJ
_bRaz-Plus
650 0 _aAnimals
_xHabitations
_vJuvenile literature.
650 1 _aAnimals
_xHabitations.
906 _a7
_bcbc
_ccopycat
_d2
_encip
_f20
_gy-gencatlg
942 _2ddc
_cBK
_n0
999 _c4282
_d4282